Central Library, Doon University
WEBOPAC (ONLINE PUBLIC ACCESS CATALOGUE)

Atomic And Nuclear Physics (Record no. 60697)

MARC details
000 -LEADER
fixed length control field 00537nam a22001937a 4500
005 - DATE & TIME
control field 20260423122243.0
008 - FIXED-LENGTH DATA ELEMENTS--GENERAL INFORMATION
fixed length control field 260423b |||||||| |||| 00| 0 eng d
020 ## - ISBN
International Standard Book Number 9789381714607
Price 325.00
040 ## - CATALOGING SOURCE
Original cataloging agency Doon University
041 ## - Language
Language English
082 ## - DDC NUMBER
Classification number 539.7
Book Number LIT
100 ## - MAIN ENTRY--PERSONAL NAME
Personal name Littlefield, T.A.
245 ## - TITLE STATEMENT
Title Atomic And Nuclear Physics
Statement of responsibility : An Introduction In S.I. Units
260 ## - PUBLICATION, DISTRIBUTION, ETC. (IMPRINT)
Place of publication, distribution, etc New Delhi
Name of publisher, distributor, etc MedTech Science Press
Date of publication, distribution, etc 2016
300 ## - PHYSICAL DESCRIPTION
Pages 476
650 ## - Subject
Subject Physics (PM USHA)
700 ## - Added Entry Personal Name
Added Entry Personal Name Thorley, N.
942 ## - ADDED ENTRY ELEMENTS (KOHA)
Koha item type Books
100 ## - MAIN ENTRY--PERSONAL NAME
-- 26701
650 ## - Subject
-- 26699
700 ## - Added Entry Personal Name
-- 26702
952 ## - LOCATION AND ITEM INFORMATION (KOHA)
-- 2026-04-23
952 ## - LOCATION AND ITEM INFORMATION (KOHA)
-- 2026-04-23
952 ## - LOCATION AND ITEM INFORMATION (KOHA)
-- 2026-04-23
Holdings
Withdrawn status Lost status Source of classification or shelving scheme Damaged status Not for loan Location (home branch) Sublocation or collection (holding branch) Date acquired Koha issues (times borrowed) Koha full call number Accession No. Koha date last seen Koha item type
          Doon University Doon University 23.04.2026   539.7 LIT 32773 23.04.2026 Books
          Doon University Doon University 23.04.2026   539.7 LIT 32774 23.04.2026 Books
          Doon University Doon University 23.04.2026   539.7 LIT 32775 23.04.2026 Books
Contact : +91-135-2533126 (Library),+91-135-2533105 (Admin Office) , Email : doonlibrary@gmail.com

Powered by Koha